UBT Library

Fundamentals of Forensic Science (Record no. 55373)

000 -LEADER
fixed length control field 00303nam a22001337a 4500
008 - FIXED-LENGTH DATA ELEMENTS--GENERAL INFORMATION
fixed length control field 210301b ||||| |||| 00| 0 eng d
020 ## - INTERNATIONAL STANDARD BOOK NUMBER
International Standard Book Number 9780123567628
041 ## - LANGUAGE CODE
Language code of text/sound track or separate title eng
080 ## - UNIVERSAL DECIMAL CLASSIFICATION NUMBER
Universal Decimal Classification number 343.9
100 ## - Rafti
Rafti 13
101 ## - Shkurtesa
Shkurtesa KRI
245 ## - TITLE STATEMENT
Title Fundamentals of Forensic Science
Statement of responsibility, etc Houck,M.M
942 ## - ADDED ENTRY ELEMENTS (KOHA)
Source of classification or shelving scheme
Item type Books
Holdings
Withdrawn status Lost status Source of classification or shelving scheme Damaged status Not for loan Collection code Permanent location Current location Shelving location Date acquired Total Checkouts Full call number Barcode Date last seen Price effective from Koha item type
          Koleksioni i përgjithshem UBT - Lipjan UBT - Lipjan Koleksioni i përgjithshem 03/01/2021   343.9 HOU 002-6000509 03/01/2021 03/01/2021 Books
UBT Library © 2015-2024. All rights reserved University Education for Business and Technology